| 000 -LEADER |
| fixed length control field |
01045cam a2200301 a 4500 |
| 001 - CONTROL NUMBER |
| control field |
(Sirsi) a864421 |
| 003 - CONTROL NUMBER IDENTIFIER |
| control field |
OSt |
| 005 - DATE AND TIME OF LATEST TRANSACTION |
| control field |
20230410083902.0 |
| 008 - FIXED-LENGTH DATA ELEMENTS--GENERAL INFORMATION |
| fixed length control field |
140805s2014 enkab b 000 1 eng d |
| 020 ## - INTERNATIONAL STANDARD BOOK NUMBER |
| International Standard Book Number |
9781409303336 (pbk.) : |
| 040 ## - CATALOGING SOURCE |
| Original cataloging agency |
TT |
| Language of cataloging |
eng |
| Transcribing agency |
TAE |
| Modifying agency |
KH8 |
| 042 ## - AUTHENTICATION CODE |
| Authentication code |
nbic |
| 082 0# - DEWEY DECIMAL CLASSIFICATION NUMBER |
| Classification number |
823.914 ADA |
| 100 1# - MAIN ENTRY--PERSONAL NAME |
| Personal name |
Adamson, Jean, |
| Dates associated with a name |
1928- |
| Relator term |
author |
| 245 10 - TITLE STATEMENT |
| Title |
Topsy and Tim go camping / |
| Statement of responsibility, etc. |
by Jean and Gareth Adamson ; [illustrations by Belinda Worsley] |
| 246 3# - VARYING FORM OF TITLE |
| Title proper/short title |
Go camping. |
| 260 ## - PUBLICATION, DISTRIBUTION, ETC. |
| Place of publication, distribution, etc. |
London : |
| Name of publisher, distributor, etc. |
Ladybird, |
| Date of publication, distribution, etc. |
[2014] |
| 300 ## - PHYSICAL DESCRIPTION |
| Extent |
[29] p. : |
| Other physical details |
col. ill., col. map ; |
| Dimensions |
21 cm. |
| 490 0# - SERIES STATEMENT |
| Series statement |
Topsy and Tim. |
| 520 ## - SUMMARY, ETC. |
| Summary, etc. |
The twins make new friends, follow a nature trail and even get to stay in their own tent. |
| 521 1# - TARGET AUDIENCE NOTE |
| Target audience note |
3-6. |
| 650 #0 - SUBJECT ADDED ENTRY--TOPICAL TERM |
| Topical term or geographic name entry element |
Topsy (Fictitious character : Adamson) |
| Form subdivision |
Juvenile fiction. |
| 650 #0 - SUBJECT ADDED ENTRY--TOPICAL TERM |
| Topical term or geographic name entry element |
Tim (Fictitious character : Adamson) |
| Form subdivision |
Juvenile fiction. |
| 650 #0 - SUBJECT ADDED ENTRY--TOPICAL TERM |
| Topical term or geographic name entry element |
Camping |
| Form subdivision |
Juvenile fiction. |
| 700 1# - ADDED ENTRY--PERSONAL NAME |
| Personal name |
Adamson, Gareth. |
| Relator term |
author |
| 700 1# - ADDED ENTRY--PERSONAL NAME |
| Personal name |
Worsley, Belinda. |
| Relator term |
illustrator |
| 942 ## - ADDED ENTRY ELEMENTS (KOHA) |
| Source of classification or shelving scheme |
|
| Koha item type |
Books - Non Ficton |